[Event "Shah Alam Challenger"]
[Site "Shah Alam"]
[Date "2016.01.24"]
[Round "5"]
[White "Thanasegeren, Praghashkumar"]
[Black "Koo, Wei Xin Rosamund"]
[Result "1-0"]
[WhiteElo "1721"]
[BlackElo "1826"]
[PlyCount "89"]
[EventDate "2016.01.23"]
[EventType "swiss"]
[EventRounds "9"]
[EventCountry "MAS"]
[SourceTitle "EXT 2017"]
[Source "ChessBase"]
[SourceDate "2016.10.25"]
[SourceVersion "1"]
[SourceVersionDate "2016.10.25"]
[SourceQuality "1"]

1. d4 g6 2. c4 Bg7 3. Nc3 c5 4. Nf3 cxd4 5. Nxd4 Nc6 6. e3 Nf6 7. g3 d6 8. Bg2 Bd7 9. 0-0 0-0 10. Rb1 Rc8 11. b3 Bg4 12. Qd2 Qd7 13. Re1 Bh3 14. Bh1 h5 15. Bb2 Rfd8 16. e4 Ng4 17. Nc2 Bh6 18. Qd1 h4 19. Nd5 hxg3 20. hxg3 Nge5 21. Bg2 Qg4 22. Nce3 Qxd1 23. Rbxd1 Bxg2 24. Kxg2 Bg7 25. f4 Nd3 26. Rxd3 Bxb2 27. Rd2 Bg7 28. Rc1 Rd7 29. f5 Ne5 30. g4 Bh6 31. Kg3 Bg7 32. g5 f6 33. Ng4 fxg5 34. f6 Nxg4 35. Kxg4 Bxf6 36. Nxf6+ exf6 37. Rcd1 Rc6 38. Rd5 b6 39. e5 Kf7 40. exf6 Kxf6 41. Rxg5 Rc5 42. Rdd5 Rxd5 43. Rxd5 Rd8 44. b4 Rd7 45. a4 1-0